Catálogo
 En Linea

Justicia como equidad : (Registro nro. 25031)

Detalles MARC
000 -CABECERA
campo de control de longitud fija 00636cam a2200193 a 4500
001 - NÚMERO DE CONTROL
campo de control 000025539
005 - FECHA Y HORA DE LA ÚLTIMA TRANSACCIÓN
campo de control 20200930023849.0
008 - DATOS DE LONGITUD FIJA--INFORMACIÓN GENERAL
campo de control de longitud fija 901219s1969 mx r 000 | spa d
040 ## - FUENTE DE LA CATALOGACIÓN
Centro catalogador/agencia de origen DO-SdBNP
Lengua de catalogación spa
Centro/agencia transcriptor BNPHU
041 ## - CÓDIGO DE LENGUA
Código de lengua del texto/banda sonora o título independiente spa
Código de lengua original eng
Fuente del código Código de idioma MARC
082 ## - NÚMERO DE LA CLASIFICACIÓN DECIMAL DEWEY
Número de clasificación xxxx
Número de documento/Ítem R297j, 1969
100 1# - ENTRADA PRINCIPAL--NOMBRE DE PERSONA
Nombre de persona Rechy, John,
9 (RLIN) 52197
240 #0 - TÍTULO UNIFORME
Título uniforme City of night.
Lenguaje de la obra Español
245 10 - MENCIÓN DE TÍTULO
Título Justicia como equidad :
Resto del título materiales para una teoría de la justicia /
Mención de responsabilidad, etc. John Rechy ; traducción Eduardo Escalona.
250 ## - MENCIÓN DE EDICIÓN
Mención de edición 4a ed.
260 ## - PUBLICACIÓN, DISTRIBUCIÓN, ETC.
Lugar de publicación, distribución, etc. México, D. F. :
Nombre del editor, distribuidor, etc. Diana,
Fecha de publicación, distribución, etc. 1969.
300 ## - DESCRIPCIÓN FÍSICA
Extensión 412 p. ;
Dimensiones 20 cm.
700 1# - PUNTO DE ACCESO ADICIONAL--NOMBRE DE PERSONA
Nombre de persona Escalona, Eduardo,
Término indicativo de función/relación tr.
9 (RLIN) 7529
Existencias
Estado de retiro Estado de pérdida Restricciones de uso No para préstamo Código de colección Localización permanente Ubicación/localización actual Ubicación en estantería Fecha de adquisición Número de inventario Total de préstamos Signatura topográfica completa Código de barras Fecha visto por última vez Precio válido a partir de Tipo de ítem Koha
      Excluido de préstamo Monografías: Libros y Folletos General General En catalogación 17.02.2011 LF1   xxxx R297j, 1969 25539-10 25.06.2020 25.06.2020 No se presta

Con tecnología Koha